| 000 | 00841nam a2200289Ia 4500 | ||
|---|---|---|---|
| 003 | GCL | ||
| 008 | 140319s9999 xx 000 0 ara d | ||
| 040 |
_aGCL / _cGCL |
||
| 082 | 0 | 4 |
_a913.3 _bن ر |
| 100 | 1 |
_aمصطفى ماهر _vAnnotator _@ _٠عÙÙ |
|
| 245 | 1 | 0 |
_aرحلة الى مصر 1761 -1762 / _cمصطفى ماهر |
| 700 | 1 | _aنيبور ، كارستن | |
| 260 |
_a[S.N] : _bدار كتابى ، _c1977 |
||
| 300 |
_a497 ص ؛ _c24 سم |
||
| 650 | 0 | 4 | _aمصر |
| 650 | 0 | 4 | _aالاحوال الاجتماعية |
| 650 | 0 | 4 | _aالعادات والتقاليد |
| 650 | 0 | 4 | _aالرحلات |
| 650 | 0 | 4 | _aرشيد |
| 650 | 0 | 4 | _aالرحالة |
| 650 | 0 | 4 | _aالاسكندرية |
| 650 | 0 | 4 | _aسيناء |
| 650 | 0 | 4 | _aالقاهرة |
| 650 | 0 | 4 | _aالسويس |
| 650 | 0 | 4 | _aدمياط |
| 942 |
_2ddc _cBK |
||
| 999 |
_c58766 _d58766 |
||